000 00668nam a2200277Ia 4500
005 20260121124646.0
008 008 260114s9999 xx 000 0 eng d
020 _a9781501772948
037 _aEBOOK
040 _aCRL
040 _beng
040 _cCRL
041 _2eng
041 _aeng
084 _qCRL
100 _aFriedman, Jeffrey A.
_9979755
245 4 _aThe Commander-in-Chief Test
260 _bWalter de Gruyter
260 _bWalter de Gruyter
260 _c2023
650 _aPolitical Science
_9979756
856 _uhttp://www.degruyter.com/isbn/9781501772948
942 _cEBOOK
999 _c1556238
_d1556238